LEADER 01131nam a2200277 u 4500 001 000000031389 003 CaOOAMICUS 005 20070226112132.0 008 971002s1968 gw u000 u ger u 035 $a10771198 040 $aPUL(R)$bita 100 1 $aMussner, Franz.$0(OLS)http://pul/name/13787 245 10$aChristus da All und die Kirche :$bStudien zur Theologie des Epheserbriefes /$cvon Franz Mussner. 250 $a2. Aufl. 260 $aTrier :$bPaulinus Verlag,$c1968. 300 $axv, 175 p. ;$c23 cm 490 1 $aTrierer theologische Studien ;$v5 500 $aComprende indice : p. 175. 504 $a"Quellen und Literatur" : p. x-xv. 830 0$aTrierer theologische Studien ;$v5.$0(OLS)http://pul/title/12134 850 $aPUL 852 $aPUL$W1$xSL Religione 1$y3$m10 C 29$j43353$nBK-PRI$qStampati$B43353$CPULBib$Z2$F43353 $H29402 $82 941 1 $a8 961 $aINV: 29402. 996 $6245$aChristus da All und die Kirche :$bStudien zur Theologie des Epheserbriefes$9(OLS)http://pul/title/43165 996 $6260$aTrier :$bPaulinus Verlag$9(OLS)http://pul/publisher/61057 LEADER 01196nam a2200265 u 4500 001 000000083806 003 CaOOAMICUS 005 20070226124018.0 008 050527s1899 it u000 u ita u 035 $a11047269 040 $aPUL(R)$bita 041 1 $aita$alat 100 1 $aLactantius Firmianus, Lucius Caecilius,$dc. 245-c. 323.$0(OLS)http://pul/name/3288 240 10$aDe ira Dei.$9(Lactantius Firmianaus, Lucius Caecilius, c. 245-c. 323).$lItaliano.$0(OLS)http://pul/title/109144 245 10$aDell'ira di Dio :$blibro unico /$cdi Lucio Celio Firmiano Lattanzio ; tradotto e annotato dal sac. Luigi Fedi. 260 $aPescia (PT) :$bE. Cipriani,$c1899. 300 $a[130] p. ;$c18 cm 500 $aTesto latino originale a pie' di pagina. 700 1 $aFedi, Luigi,$csac.$0(OLS)http://pul/name/55335 850 $aPUL 852 $aPUL$W1$xDP1 Fondo Cecchetti$y53$m267 E 47$j106642$nBK-PRI$b $qFondi$B106642$CPULBib$Z2$F106642 $H $81 900 $aLattanzio,$dc. 245-c. 323$93288 941 1 $a1 996 $6245$aDell'ira di Dio :$blibro unico$9(OLS)http://pul/title/109145 996 $6260$aPescia (PT) :$bE. Cipriani$9(OLS)http://pul/publisher/76651